000 01145njm a2200265 i 4500
001 4654
003 ES-MaACL
005 20250822053923.0
007 s|r|||||||||||
008 070806s1966 sp ||| g ||||||||1|nspa d
100 1 _aFuentes, María de los Reyes.
_952905
245 1 0 _aMaría de los Reyes Fuentes, selección de poemas y resumen crítico por Luis Jiménez Martos
_h[Grabación sonora] /
_cintervienen María de los Reyes Fuentes, Luis Jiménez Martos.
260 _aMadrid :
_bAteneo de Madrid,
_c1966.
300 _a1 disco (CD-DA) (1 h. 5 min. 41 seg.) ;
_c12 cm.
490 1 _aLecturas poéticas
500 _aDatos basados en la invitación.
518 _aActo organizado por el Aula de Poesía del Ateneo de Madrid, grabado el jueves 28 de abril de 1966.
610 2 4 _aAteneo de Madrid-
_xActos culturales-
_y1966-
_vGrabaciones sonoras.
_91880
700 1 _aJiménez Martos, Luis,
_d1926-2003
_966562
710 2 _aAteneo de Madrid.
_bAula de Poesía.
_91949
830 0 0 _aLecturas poéticas (Ateneo de Madrid)
_9177095
852 4 _aES-MaACL
_jROT 3/2/20
_94771
_cROT
942 _2udc
999 _c4654
_d4654